| 000 | 00415nam a2200181Ia 4500 | ||
|---|---|---|---|
| 005 | 20250423094555.0 | ||
| 008 | 250422s9999 xx 000 0 und d | ||
| 020 | _a9879780693381 | ||
| 050 | _aPR 9387 .O76/ | ||
| 100 | _a Orojide-Isola, Akinwumi | ||
| 245 | 0 | _aBelly bellows | |
| 260 | _aIbadan | ||
| 260 | _b University Press | ||
| 260 | _c2009 | ||
| 300 | _a107 p | ||
| 650 | _aLiterature | ||
| 942 | _cBK | ||
| 999 |
_c27649 _d27649 |
||